000 00469nam a2200169Ia 4500
999 _c36577
_d36577
003 OSt
005 20201116114531.0
008 190216s9999||||xx |||||||||||||| ||und||
040 _coclc
082 _a424
_bBRI/S
100 _aBrihaspathi
_96605
245 0 _aSelected Quotations /
_cBrihaspathi
260 _bVasan Book Depot,
_c1999.
_aBangalore:
300 _a130p
650 _aGeneral Libraries
942 _cBK
_2ddc
_h424
_iBRI/S
_k424
_mBRI/S